Marketing et Communication des Associations. (Record no. 54575)

MARC details
000 -LEADER
fixed length control field 00632nam a22001817a 4500
008 - FIXED-LENGTH DATA ELEMENTS--GENERAL INFORMATION
fixed length control field 160615b xxu||||| |||| 00| 0 eng d
020 ## - INTERNATIONAL STANDARD BOOK NUMBER
International Standard Book Number 978-2-10-059397-2
040 ## - CATALOGING SOURCE
Original cataloging agency BUAC
Transcribing agency BUC
Modifying agency Fr
100 ## - MAIN ENTRY--PERSONAL NAME
Personal name Gallopel-Morvan,Karine.
245 ## - TITLE STATEMENT
Title Marketing et Communication des Associations.
Statement of responsibility, etc Birambeau,Pierre;Larceneux,Fabrice;Rieunier,Sophie.
250 ## - EDITION STATEMENT
Edition statement 2èm édition.
260 ## - PUBLICATION, DISTRIBUTION, ETC. (IMPRINT)
Place of publication, distribution, etc Paris.
Name of publisher, distributor, etc DUNOD.
Date of publication, distribution, etc 2013.
300 ## - PHYSICAL DESCRIPTION
Extent 258p.
Other physical details Blanche avec des rondelles de multiples couleurs.
Dimensions 24cm.
500 ## - GENERAL NOTE
General note Biblig.pp.(248-255);index.pp.(256-258)
630 ## - SUBJECT ADDED ENTRY--UNIFORM TITLE
Source of heading or term SCIENCE APPLIQUEE
650 ## - SUBJECT ADDED ENTRY--TOPICAL TERM
Source of heading or term Marketing et communication
942 ## - ADDED ENTRY ELEMENTS (KOHA)
Item type Livre
Holdings
Withdrawn status Lost status Damaged status Not for loan Location (home branch) Sublocation or collection (holding branch) Date acquired Source of acquisition Coded location qualifier Koha issues (times borrowed) Koha full call number Piece designation (barcode) Koha date last seen Copy number Price effective from Koha item type
        Bibliothèque Universitaire Centrale Bibliothèque Universitaire Centrale 14/11/2014 Don ARES 15/227   658.8GAL 15-227BUC 15/06/2016 1 15/06/2016 Livre


© 2008, Bibliothèques de l'Université d'Abomey-Calavi

04 BP 789 Cotonou, Tél. : +229 21 36 01 01, Fax : +229 21 35 06 32

Courriel : bu@bu.uac.bj